| 000 | 00862nam a2200229 i 4500 | ||
|---|---|---|---|
| 001 | 13441 | ||
| 003 | ES-MaACL | ||
| 005 | 20230906150558.0 | ||
| 007 | t| | ||
| 008 | 980318s1995 lu |||| | spa d | ||
| 020 | _a92-826-8663-9 | ||
| 245 | 0 | 0 | _aEstudio prospectivo de las regiones del Mediterraneo oeste. |
| 260 |
_aLuxemburgo : _bOficina de Publicaciones Oficiales de las Comunidades Europeas, _c1995. |
||
| 300 |
_a216 p. ; _c30 cm. |
||
| 490 | 1 |
_aEstudios de desarrollo regional ; _v11 |
|
| 650 | 4 |
_aOrdenación del territorio- _zPaíses de la Unión Europea. _9170052 |
|
| 651 | 4 |
_aPaíses de la Unión Europea- _xSituación económica. _99180 |
|
| 710 | 2 |
_aOficina de Publicaciones Oficiales de las Comunidades Europeas. _9142755 |
|
| 830 | 0 |
_aEstudios de desarrollo regional ; _v11 _9187342 |
|
| 852 |
_aES-MaACL _jL-20696 |
||
| 999 |
_c13441 _d13441 |
||